Pojistná matematika v praxi

Salvato in:
Dettagli Bibliografici
Autore principale: Cipra, Tomáš
Natura: Libro
Lingua:ceco
Pubblicazione: Praha HZ 1994
Edizione:1. vyd.
Soggetti:
Tags: Aggiungi Tag
Nessun Tag, puoi essere il primo ad aggiungerne!!

MARC

LEADER 00000nam a2200000 4500
001 c005762
005 20221205140924.4
020 |a 80-901495-6-1 
041 0 |a cze 
044 |a CZ 
245 1 0 |a Pojistná matematika v praxi  |c Tomáš Cipra 
250 |a 1. vyd. 
264 1 |a Praha  |b HZ  |c 1994 
300 |a 273 s. 
610 2 0 |a poisťovníctvo 
610 2 0 |a matematika 
610 2 0 |a poistenie osôb 
610 2 0 |a úmrtnosť 
100 1 |a Cipra, Tomáš